000 00917nam a2200301Ia 4500
001 Para_7354
003 CHAP
008 220125s1941 xx 000 0 und d
010 _a206242
040 _cCHAP
082 _aPA-C 631.81 B86
100 _aPittman, D. W.
_9171640
245 _aFertilizers for Utah soils /
_c by D. W. Pittman and D. W. Thorne
260 _aLogan, Utah :
_b Utah State Agricultural College. Agricultura Experiment Station
300 _a20 p.
440 _aCircular ; 116
_9172486
500 _aEnc. con impresos similares
650 _aFertilizantes
_x colecciones de escritos
_9172309
650 _aFertilizantes
_x efecto en suelos
_940553
700 _aThorne, D. W.
_9172487
901 _aPA-C 631.81 B86
902 _aA
905 _a0000001941 0000000000 00
910 _a1941
942 _cPARA
942 _cPARA
_d1
999 _c206242
_d206242